Concurso para la construcción de un nuevo puente sobre el Llobregat en la carretera de Martorell a Tarrassa / por Isidro Clopas Batlle
Publicado:
San Jorge, núm. 86 - 87 (2n i 3r trimestre 1972), pàg 117 :
MARC
| LEADER | 00000nam a2200000Ia 4500 | ||
|---|---|---|---|
| 001 | |||
| 008 | 160829s9999 xx 000 0 cat d | ||
| 100 | 1 | |a Clopas i Batlle, Isidre, |d 1913-2001 |9 24339 | |
| 245 | |a Concurso para la construcción de un nuevo puente sobre el Llobregat en la carretera de Martorell a Tarrassa / por Isidro Clopas Batlle | ||
| 260 | |a San Jorge, núm. 86 - 87 (2n i 3r trimestre 1972), pàg 117 | ||
| 650 | 0 | |a Ponts |z Martorell (Catalunya) |x Disseny i construcció |9 33715 | |
| 650 | |a Ponts |x Projectes i construcció |x Terrassa |9 41953 | ||
| 650 | 0 | |a Ponts |z Llobregat (Catalunya : Curs d'aigua) |9 41867 | |
| 901 | |a Arxiu | ||
| 942 | |n 1 | ||
| 952 | |0 0 |1 0 |4 0 |7 1 |9 50571 |a Arxiu |b Arxiu |d 2016-12-01 |l 0 |r 2016-12-01 00:00:00 |w 2016-12-01 |y ARXIU | ||
| 999 | |c 54413 |d 54413 | ||